| 000 | 00649nac a22002051u 4500 | ||
|---|---|---|---|
| 010 | _a2002029573 | ||
| 020 | _a0071137742 | ||
| 020 | _a0071137742 | ||
| 082 | 0 | 0 |
_a620.106 _bW5821 |
| 090 |
_c4559 _d4559 |
||
| 100 | _aWhite, Frank M. | ||
| 245 | 1 | 0 |
_aFluid mechanics / _cFrank M. White. |
| 250 | _a3th ed. | ||
| 260 |
_aBoston : _bMcGraw-Hill,1994. _c1994. |
||
| 300 |
_axiii, 866 p. : _bill. ; _c24 cm. |
||
| 500 | _aIncludes index. | ||
| 650 | 0 | _aFluid mechanics. | |
| 942 |
_cBB _k620.106W5821 |
||
| 999 |
_c4559 _d4559 |
||